| 000 | 00875nam a22003017a 4500 | ||
|---|---|---|---|
| 001 | 4577 | ||
| 003 | FISKH | ||
| 005 | 20240917111231.0 | ||
| 008 | 240917b cb ||||| |||| 00| 0 eng d | ||
| 020 | _a044048474X | ||
| 040 |
_aFISKH _beng _cFISKH _dFISKH |
||
| 050 | _aPZ7.B6265 | ||
| 082 | _2813.54 | ||
| 100 |
_aBlume, Judy _d1938- |
||
| 245 |
_aTales of a fourth grade nothing / _cBy Judy Blume illustrated by Roy Doty |
||
| 250 | _a1991 | ||
| 260 |
_aNew York : _bA Yearling, _c1991. |
||
| 300 |
_a120 pages : _billustrations ; _c20cm |
||
| 505 | _aJ | ||
| 520 | _aPeter finds his demanding two-year-old brother an ever increasing problem. | ||
| 521 | 8 |
_a470L
_bLexile |
|
| 521 | 8 |
_aJ
_bRaz-Plus |
|
| 650 |
_2Realistic fiction _aFiction |
||
| 650 |
_2Siblings _aYoung adult |
||
| 700 |
_aDoty, Roy _dIllustrator |
||
| 942 |
_2ddc _cBK _n0 |
||
| 999 |
_c4577 _d4577 |
||